Professional negligence claims against surveyors and estate agents increase (Record no. 82300)

MARC details
000 -LEADER
fixed length control field 01114cad a22002175a 4500
001 - CONTROL NUMBER
control field L149850
008 - FIXED-LENGTH DATA ELEMENTS--GENERAL INFORMATION
fixed length control field 100505e20100504xxk 000 0 eng d
035 ## - SYSTEM CONTROL NUMBER
System control number (Sirsi) u149850
041 0# - LANGUAGE CODE
Language code of text/sound track or separate title eng
110 2# - MAIN ENTRY--CORPORATE NAME
Corporate name or jurisdiction name as entry element Reynolds Porter Chamberlain
9 (RLIN) 5846
245 00 - TITLE STATEMENT
Title Professional negligence claims against surveyors and estate agents increase
260 ## - PUBLICATION, DISTRIBUTION, ETC.
Date of publication, distribution, etc. 2010
490 ## - SERIES STATEMENT
Series statement Reynolds Porter Chamberlain News Release
Volume/sequential designation 4 May 2010
520 ## - SUMMARY, ETC.
Summary, etc. 25 professional negligence claims against chartered surveyors and estate agents between January and December 2009 compared with one claim between 2004 and 2008. Effects of the Credit crunch and disputes over valuation of residential and commercial property are blamed for the increase. Graph illustrates number of claims between 2004 and 2009.
590 ## - LOCAL NOTE (RLIN)
Local note KA NTK
651 #4 - SUBJECT ADDED ENTRY--GEOGRAPHIC NAME
Geographic name United Kingdom
Chronological subdivision
690 ## - LOCAL SUBJECT ADDED ENTRY--TOPICAL TERM (OCLC, RLIN)
Topical term or geographic name as entry element PROPERTY-PROPERTY APPRAISAL AND VALUATION
690 ## - LOCAL SUBJECT ADDED ENTRY--TOPICAL TERM (OCLC, RLIN)
Topical term or geographic name as entry element MANAGEMENT-BUSINESS MANAGEMENT-PROFESSIONAL PRACTICE-NEGLIGENCE
856 48 - ELECTRONIC LOCATION AND ACCESS
Uniform Resource Identifier <a href="https://www.rpc.co.uk/Default.aspx?sID=754&cID=399&ctID=43&lID=0">https://www.rpc.co.uk/Default.aspx?sID=754&cID=399&ctID=43&lID=0</a>
Public note View this item free of charge at www.rpc.co.uk
942 ## - ADDED ENTRY ELEMENTS (KOHA)
Suppress in OPAC 0
Holdings
Withdrawn status Lost status Source of classification or shelving scheme Damaged status Not for loan Home library Current library Shelving location Date acquired Total Checkouts Full call number Barcode Date last seen Copy number Price effective from Koha item type
    Dewey Decimal Classification     Virtual Virtual Online 05/05/2010   ONLINE PUBLICATION 149850-2001 06/08/2019 1 06/08/2019 Journal article